El miedo a la democracia /
Noam Chomsky (1928- ), lingüista norteamericano, profesor en el Instituto de Tecnología de Massachusetts y crítico respecto de la política exterior de Estados Unidos. En esta obra el autor presenta la política mundial de Estados Unidos después de la Segunda Guerra Mundial. Da cuenta, por otra parte,...
-д хадгалсан:
| Үндсэн зохиолч: | |
|---|---|
| Формат: | Ном |
| Хэл сонгох: | испани |
| Хэвлэсэн: |
Barcelona, España :
Grijalbo,
1997, c1992
|
| Хэвлэл: | 3a edición |
| Цуврал: | (Libro de Mano ;
132) |
| Нөхцлүүд: | |
| Шошгууд: |
Шошго байхгүй, Энэхүү баримтыг шошголох эхний хүн болох!
|
MARC
| LEADER | 00000nam^a2200000^a^4500 | ||
|---|---|---|---|
| 001 | 000618961 | ||
| 005 | 20250820000000.0 | ||
| 009 | 20260310133810.911 | ||
| 020 | |a 84-89856-04-4 | ||
| 037 | |a Acervo ITESO - Biblioteca | ||
| 041 | |a ESP | ||
| 082 | |a 327. 73 |b CHO | ||
| 100 | |a Chomsky, Noam |e (autor) | ||
| 240 | 1 | 4 | |a [El miedo a la democracia] |
| 245 | 1 | 3 | |a El miedo a la democracia / |c N. Chomsky ; tr. por Mireia Carol. |
| 250 | |a 3a edición | ||
| 264 | 4 | |a Barcelona, España : |b Grijalbo, |c 1997, c1992 | |
| 300 | |a 419 p. | ||
| 336 | |a texto |b txt |2 rdacontenido | ||
| 337 | |a sin mediación |b n |2 rdamedio | ||
| 338 | |a volumen |b nc |2 rdasoporte | ||
| 440 | 1 | |a (Libro de Mano ; |v 132) | |
| 500 | |a Traducción de: Deterring Democracy | ||
| 520 | |a Noam Chomsky (1928- ), lingüista norteamericano, profesor en el Instituto de Tecnología de Massachusetts y crítico respecto de la política exterior de Estados Unidos. En esta obra el autor presenta la política mundial de Estados Unidos después de la Segunda Guerra Mundial. Da cuenta, por otra parte, de las reacciones de este país en contra de aquellos que se han opuesto a sus intereses políticos y económicos. | ||
| 649 | |a XX | ||
| 650 | |a Democracia | ||
| 650 | |a Colonialismo | ||
| 650 | |a Imperialismo | ||
| 650 | |a Sociedad Industrial | ||
| 650 | |a Guerra Fría | ||
| 650 | |a Drogadicción | ||
| 650 | |a Narcotráfico | ||
| 650 | |a Política Exterior - |z EUA - |x Tema Principal | ||
| 650 | |a Relaciones Internacionales - |z EUA-Latinoamérica | ||
| 650 | |a Relaciones Internacionales - |z Asia-EUA | ||
| 650 | |a Relaciones Internacionales - |z Africa-EUA | ||
| 650 | |a Política - |z EUA - |x Historia - |y Siglo XX | ||
| 910 | |a Fondo Castillo-Martínez | ||
| 920 | |a Impresos - Libros | ||
| 930 | |a Fondos Especiales | ||
| 905 | |a 127 | ||
| 901 | |a 618977-10 |b IT2 |c ESP |i D129618 |u 20250820 | ||
| 902 | |a https://opac.biblio.iteso.mx/vufind/Record/000618961 | ||